01329nam a2200325 a 4500001001000000003000500010005001700015008004100032010001100073011001100084040000900095090001000104100004200114245015200156260004100308500006000349502009800409590004100507590004000548590004000588590004000628650003900668650005300707856007000760901000700830942001000837942000600847999001900853952013100872000115340CHAP20220329144530.0190513s2018 mx a |sm |||||||spa d a111801 a112773 cCHAP aTesis1 aAntúnes Martínez, Mayolo.913556310aManual de mantenimiento preventivo de tractores Massey Ferguson para la empresa Mavepo s.a. de c.v.h[En línea]cpor Mayolo Antúnez Martínez. aChapingo, Méx. :bEl autor,c2018. aPara ver el contenido del material haga clic en la liga aTesis (Ing. Mecánico Agrícola) -- UACH. Departamento de Igeniería Mecánica Agrícola aBATCH-UPDb05c20190513lUCH01h1044 aE6339RRRb05c20190513lUCH01h1043 aE6339RRRb05c20190513lUCH01h1046 aE6339RRRb05c20190513lUCH01h104614aManuales de procedimientos.97067514aTractoresxMantenimiento y reparación.9114581 aFinding aiduhttp://10.13.5.2/tesis/sist115340.pdfzTeclea aquí aBK cTESIS n0 c111801d111801 00104054718TESISaBCbBCd2019-05-13fTESISl0oTesisp115348-10r2019-12-31 00:00:00w2019-12-31yTESISzRecien adquirido